000 00362nam a22001457a 4500
003 SGT
020 _a9789391208929
082 _a615.19
_bPAT
100 _aPATEL OJASH B
245 _aA TEXTBOOK OF PHARMACEUTICAL INORGANIC CHEMISTRY
260 _aINDIA
_bIP PUB
_c2023
300 _a149
650 _a PHARMACEUTICAL INORGANIC CHEMISTRY
942 _2ddc
_cBK
999 _c34246
_d34246